The complete poetical works of Percy Bysshe Shelley / (Record no. 77287)
[ view plain ]
| 000 -LEADER | |
|---|---|
| fixed length control field | 00950nam a2200301I 4500 |
| 001 - CONTROL NUMBER | |
| control field | 77287 |
| 003 - CONTROL NUMBER IDENTIFIER | |
| rucl marc code | BD-RjUL |
| 005 - DATE AND TIME OF LATEST TRANSACTION | |
| control field | 20211209082944.0 |
| 008 - FIXED-LENGTH DATA ELEMENTS--GENERAL INFORMATION | |
| fixed length control field | 200310s1965 enka 000 0 eng d |
| 035 ## - SYSTEM CONTROL NUMBER | |
| System control number | MITb10536583 |
| System control number | (OCoLC)08520044 |
| System control number | (BD-RjUL)77512 |
| System control number | GLIS00536583 |
| 040 ## - CATALOGING SOURCE | |
| Original cataloging agency | MOD |
| Transcribing agency | MOD |
| Modifying agency | RCD |
| -- | BD-RjUL |
| Language of cataloging | eng |
| 041 ## - LANGUAGE CODE | |
| Language code of text/sound track or separate title | eng |
| 049 ## - LOCAL HOLDINGS (OCLC) | |
| Holding library | RCDA |
| 082 ## - DEWEY DECIMAL CLASSIFICATION NUMBER | |
| Edition number | 23 |
| Classification number | 821.7 |
| Author mark and year | SHC 1965 |
| 100 1# - MAIN ENTRY--PERSONAL NAME | |
| Personal name | Shelley, Percy Bysshe, |
| Dates associated with a name | 1792-1822. |
| 9 (RLIN) | 240687 |
| 245 14 - TITLE STATEMENT | |
| Title | The complete poetical works of Percy Bysshe Shelley / |
| Statement of responsibility, etc. | Percy Bysshe Shelley;edited by Thomas Hutchinson. |
| 260 ## - PUBLICATION, DISTRIBUTION, ETC. (IMPRINT) | |
| Place of publication, distribution, etc. | London : |
| Name of publisher, distributor, etc. | Oxford University Press, |
| Date of publication, distribution, etc. | 1965 |
| 300 ## - PHYSICAL DESCRIPTION | |
| Pagination | xxiii, 918 p. ; |
| Size | 23 cm. |
| 600 ## - SUBJECT ADDED ENTRY--PERSONAL NAME | |
| Personal name | Shelley, Percy Bysshe, |
| Dates associated with a name | 1792-1822 |
| 650 ## - SUBJECT ADDED ENTRY--TOPICAL TERM | |
| Topical term or geographic name as entry element | English poetry |
| 9 (RLIN) | 240689 |
| 700 1# - ADDED ENTRY--PERSONAL NAME | |
| Personal name | Hutchinson, Thomas. |
| 942 ## - ADDED ENTRY ELEMENTS (KOHA) | |
| Source of classification or shelving scheme | Dewey Decimal Classification |
| Koha item type | Books |
| Lost status | Source of classification or shelving scheme | Damaged status | Not for loan | Collection code | Permanent Location | Current Location | Shelving location | Date acquired | Total Checkouts | Full call number | Date last seen | Copy number | Koha item type |
|---|---|---|---|---|---|---|---|---|---|---|---|---|---|
| Dewey Decimal Classification | Not For Loan | Non-fiction | Central Library, University of Rajshahi | Central Library, University of Rajshahi | 10/03/2020 | 821.7 SHC 1965 | 10/03/2020 | C-1 | Books |